| 000 -ლიდერი |
| ფიქსირებული სიგრძის საკონტროლო ველი |
01151nam a22002177a 4500 |
| 003 - საკონტროლო ნომრის იდენტიფიკატორი |
| საკონტროლო ველი |
Ge_BSU |
| 005 - ბოლო ოპერაციის თარიღი და დრო |
| საკონტროლო ველი |
20240129095952.0 |
| 008 - ფიქსირებული სიგრძის მონაცემთა ელემენტები - ზოგადი ინფორმაცია |
| ფიქსირებული სიგრძის საკონტროლო ველი |
240129s2022 ge ||||| |||| 00| 0 geo d |
| 020 ## - წიგნის საერთაშორისო სტანდარტული ნომერი |
| International Standard Book Number |
9789941847868 |
| 041 ## - ენის კოდი |
| Language code of text/sound track or separate title |
geo |
| 080 ## - უნივერსალური ათობითი კლასიფიკაციის ინდექსი |
| Universal Decimal Classification number |
37.02 ო-73 |
| 100 ## - მთავარი ჩანაწერი - პიროვნების სახელი |
| Personal name |
ოსიაშვილი, ქეთევან |
| 9 (RLIN) |
21148 |
| 245 ## - ცნობა სათაურის შესახებ |
| Title |
აღზრდა აკრძალვების გარეშე (?!) / |
| Statement of responsibility, etc |
ქეთევან ოსიაშვილი; მთ. რედაქტორი ნატო ინგოროყვა; დიზაინერი დარია ცინცაძე. |
| 264 ## - წარმოების, გამოცემის, დისტრიბუციის და სხვა ცნობები |
| გამოცემის, წარმოების, დისტრიბუციის... ადგილი |
თბილისი : |
| გამოცემის, წარმოების, დისტრიბუციის... სახელწოდება |
აზროვნების აკადემიის გამომცმელობა, |
| გამოცემის, წარმოების, დისტრიბუციის... თარიღი |
2022. |
| 300 ## - ფიზიკური აღწერა |
| Extent |
248 გვ. ; |
| Other physical details |
20 სმ |
| 653 ## - INDEX TERM--UNCONTROLLED |
| Uncontrolled term |
ბავშვის აღზრდა |
| 653 ## - INDEX TERM--UNCONTROLLED |
| Uncontrolled term |
ბავშვის აღზრდა ოჯახში |
| 700 ## - ADDED ENTRY--PERSONAL NAME |
| Personal name |
ინგოროყვა, ნატო |
| Relator term |
მთ. რედაქტორი |
| 9 (RLIN) |
7164 |
| 700 ## - ADDED ENTRY--PERSONAL NAME |
| Personal name |
ცინცაძე, დარია |
| Relator term |
დიზაინერი |
| 9 (RLIN) |
21149 |
| 942 ## - ADDED ENTRY ELEMENTS (KOHA) |
| Source of classification or shelving scheme |
|
| Koha item type |
წიგნი |